مكتبة جامعة عجلون الوطنية

فهرس بحث المكتبة

Normal view MARC view
  • اللغة العربية-العدول عن الأصل في أبنية الكلم

Entry Topical Term

Number of records used in: 1

001 - CONTROL NUMBER

  • control field: 16799

003 - CONTROL NUMBER IDENTIFIER

  • control field: JO-AjAnu

005 - DATE AND TIME OF LATEST TRANSACTION

  • control field: 20230606072958.0

008 - FIXED-LENGTH DATA ELEMENTS

  • fixed length control field: 230606|| aca||aabn | a|a d

040 ## - CATALOGING SOURCE

  • Original cataloging agency: JO-AjAnu
  • Transcribing agency: JO-AjAnu

150 ## - HEADING--TOPICAL TERM

  • Topical term or geographic name entry element: اللغة العربية-العدول عن الأصل في أبنية الكلم

670 ## - SOURCE DATA FOUND

  • Source citation: Work cat.: (JO-AjAnu)8627: تأليف الأرشم،المتولي علي المتولي, author 16798, العدول عن الأصل في أبنية الكلم: حقيقتة وبواعثة وأحكامة